Guess The NBA Player by Picture - Statistics

General Stats
  • This quiz has been taken 21 times
  • The average score is 3 of 16
Answer Stats
Picture Answer % Correct
Gradey Dick
79%
Jordan Walsh
53%
JT Thor
32%
Kobe Brown
26%
Isaiah Wong
21%
Omar Yurtseven
21%
Oscar Tshiebwe
21%
Terquavion Smith
21%
Chuma Okeke
16%
Dariq Whitehead
16%
Olivier-Maxence Prosper
5%
Stanley Umude
5%
Daishen Nix
0%
Marques Bolden
0%
Onuralp Bitim
0%
Trey Jemison
0%
No matching quizzes found
Score Distribution
Percent of People with Each Score
Percentile by Number Answered
Your Score History
You have not taken this quiz